| 000 | 00000nam##2200000za#4500 |
| 001 | 9.698159 |
| 003 | CaOODSP |
| 005 | 20210624235814 |
| 007 | cr ||||||||||| |
| 008 | 150407|1999||||xxc|||||o f|0| 0 eng|d |
| 040 | |aCaOODSP|beng |
| 043 | |an-cn--- |
| 086 | 1 |aRH64-93/1999E-PDF |
| 110 | 1 |aCanada.|bHuman Resources Development Canada. |bStrategic Policy. |
| 245 | 10|aEvaluation tool kit - user guide on contracting HRDC evaluation studies / |h[electronic resource]|c[by] Evaluation and Data Development. |
| 260 | |aOttawa - Ontario : |bHuman Resources Development Canada. |cMarch 1999. |
| 300 | |a51p.|btables |
| 590 | |a13-16-Supp|b2013-07-12 |
| 775 | 08|tLes outils de l'évaluation - guide de passation de marchés pour les études d'évaluation de DRHC / |w(CaOODSP)9.642152 |
| 856 | 40|ahttp://publications.gc.ca|qPDF|s762 KB|uhttps://publications.gc.ca/collections/collection_2013/rhdcc-hrsdc/RH64-93-1999-eng.pdf |
| 986 | |aSP-AH102E-03-99 |